[Event "Sicotte II"]
[Site "Montreal CAN"]
[Date "2005.11.02"]
[Round "2"]
[White "Gilman, Arkadiy"]
[Black "Ayotte, Jocelyn"]
[Result "1/2-1/2"]
[WhiteElo "2143"]
[BlackElo "2057"]
[PlyCount "118"]
[EventDate "2005.10.27"]
[EventType "tourn"]
[EventRounds "5"]
[EventCountry "CAN"]

1. d4 d5 2. c4 dxc4 3. e3 Nf6 4. Bxc4 e6 5. Nf3 Be7 6. O-O O-O 7. Qe2 c5 8.
dxc5 Bxc5 9. Nc3 a6 10. e4 Nc6 11. Bg5 Be7 12. Rad1 Qa5 13. e5 Nd7 14. Bf4 Rd8
15. h4 Nf8 16. Rxd8 Bxd8 17. h5 b5 18. Bb3 Bb7 19. Ne4 Be7 20. Qe3 Nb4 21. Nc3
Rd8 22. Bg5 Qc7 23. Rc1 Rc8 24. h6 Bxf3 25. hxg7 Ng6 26. Bxe7 Qxe7 27. gxf3 Qh4
28. Ne2 Rxc1+ 29. Nxc1 Nc6 30. Nd3 Kxg7 31. Bd1 Nd4 32. f4 Nf5 33. Qf3 Qd8 34.
Qe4 Nxf4 35. Nxf4 Qxd1+ 36. Kh2 Qd4 37. Qg2+ Kh6 38. Qh3+ Kg5 39. Nd3 Qh4 40.
f4+ Kg6 41. b4 Qxh3+ 42. Kxh3 Ne3 43. Nc5 Kf5 44. Nxa6 Kxf4 45. Nc7 Nc2 46.
Nxb5 Kxe5 47. a3 Kd5 48. Nc3+ Kc4 49. Ne4 f5 50. Ng5 e5 51. Nf7 Kd5 52. b5 Nd4
53. b6 e4 54. b7 Nc6 55. Kg3 Nb8 56. Kf4 h5 57. Nh6 Kc6 58. Nxf5 Kxb7 59. Kxe4
Ka6 1/2-1/2

[Event "Sicotte II"]
[Site "Montreal CAN"]
[Date "2005.11.09"]
[Round "3"]
[White "Sicotte, Marc"]
[Black "Gilman, Arkadiy"]
[Result "0-1"]
[WhiteElo "2030"]
[BlackElo "2143"]
[PlyCount "60"]
[EventDate "2005.10.27"]
[EventType "tourn"]
[EventRounds "5"]
[EventCountry "CAN"]

1. b4 e5 2. Bb2 d6 3. g3 Nf6 4. Bg2 Be7 5. d3 O-O 6. Nf3 Re8 7. a3 a5 8. b5
Nbd7 9. O-O Nc5 10. c4 e4 11. Ne1 exd3 12. Nxd3 Nfe4 13. f3 Nxd3 14. exd3 Bf6
15. d4 Ng5 16. Nc3 c5 17. bxc6 bxc6 18. f4 Nh3+ 19. Kh1 Rb8 20. Ra2 Qe7 21.
Bxc6 Ba6 22. Nb5 Qe2 23. Bxe8 Nf2+ 24. Rxf2 Qxd1+ 25. Kg2 Rxe8 26. Bc3 Bxb5 27.
cxb5 Qb3 28. Bxa5 Qxb5 29. Bb4 g6 30. Rad2 Qd5+ 0-1

[Event "Sicotte II"]
[Site "Montreal CAN"]
[Date "2005.11.23"]
[Round "5"]
[White "Marcone, Malcom"]
[Black "Gilman, Arkadiy"]
[Result "1/2-1/2"]
[WhiteElo "2015"]
[BlackElo "2143"]
[PlyCount "57"]
[EventDate "2005.10.27"]
[EventType "tourn"]
[EventRounds "5"]
[EventCountry "CAN"]

1. d4 d5 2. c4 e5 3. e3 exd4 4. exd4 Nf6 5. Nc3 c6 6. Nf3 Be7 7. h3 O-O 8. Bd3
Nbd7 9. O-O dxc4 10. Bxc4 Nb6 11. Bb3 h6 12. Bf4 Bf5 13. Re1 Nbd5 14. Be5 Bb4
15. Nh4 Bh7 16. Qf3 Ne8 17. Nf5 Bxf5 18. Bxd5 Bxc3 19. bxc3 Qxd5 20. Qxf5 f6
21. c4 Qxc4 22. Bf4 Rf7 23. Re3 g5 24. Rae1 Ng7 25. Qg6 gxf4 26. Re8+ Rxe8 27.
Rxe8+ Rf8 28. Re7 Rf7 29. Re8+ 1/2-1/2

[Event "Sicotte II"]
[Site "Montreal CAN"]
[Date "2005.12.21"]
[Round "9"]
[White "Gilman, Arkadiy"]
[Black "Boudreau, Daniel"]
[Result "1/2-1/2"]
[WhiteElo "2143"]
[BlackElo "1984"]
[PlyCount "72"]
[EventDate "2005.10.27"]
[EventType "tourn"]
[EventRounds "5"]
[EventCountry "CAN"]

1. d4 Nf6 2. c4 e6 3. Nc3 c5 4. d5 exd5 5. cxd5 d6 6. e4 g6 7. h3 a6 8. a4 Qe7
9. Bd3 Bg7 10. Nf3 Nbd7 11. Bf4 Nh5 12. Bg5 f6 13. Be3 f5 14. exf5 Ng3 15. fxg3
Qxe3+ 16. Qe2 Qxe2+ 17. Kxe2 gxf5 18. Bxf5 Nb6 19. Be6 Bxe6 20. dxe6 Ke7 21.
Ra3 Rab8 22. Rb3 Bxc3 23. Rxb6 Ba5 24. Rb3 Kxe6 25. Rd1 Bc7 26. Re3+ Kf6 27.
Rf1 Rhf8 28. Nd4+ Kg6 29. Re6+ Kg7 30. Re7+ Kg6 31. Rxf8 Rxf8 32. Ne6 Kf6 33.
Rxc7 Kxe6 34. Rxb7 h5 35. Rb6 Rg8 36. Rxa6 Rxg3 1/2-1/2

[Event "Quebec op"]
[Site "Montreal CAN"]
[Date "2004.07.23"]
[Round "8"]
[White "Zafirov, Stephane"]
[Black "Gilman, Arkadiy"]
[Result "1-0"]
[WhiteElo "2050"]
[BlackElo "2237"]
[PlyCount "91"]
[EventDate "2004.07.17"]
[EventType "swiss"]
[EventRounds "9"]
[EventCountry "CAN"]

1. e4 e6 2. d4 d5 3. Nd2 Nf6 4. e5 Nfd7 5. Bd3 c5 6. c3 Nc6 7. Ne2 cxd4 8. cxd4
Qb6 9. Nb3 a5 10. Be3 Bb4+ 11. Nd2 O-O 12. O-O f6 13. exf6 Nxf6 14. Nf3 Bd6 15.
h3 Qd8 16. Rc1 Bd7 17. Nc3 Rc8 18. Re1 Qe8 19. Qe2 Bb8 20. Bd2 h6 21. Bb1 Qf7
22. Qd3 g5 23. Na4 Ne4 24. Nc5 Nxd2 25. Qxd2 Bf4 26. Qe2 Bxc1 27. Rxc1 b6 28.
Nd3 Qg7 29. Qe3 Qf6 30. Re1 Rce8 31. Nde5 Nxe5 32. Nxe5 Bb5 33. g3 h5 34. Bg6
Rc8 35. Bxh5 Rc2 36. Ng4 Qe7 37. a4 Ba6 38. Qb3 Qb4 39. Qe3 Qe7 40. Kg2 Rxb2
41. Qe5 Bd3 42. Re3 Bb1 43. h4 Be4+ 44. Rxe4 dxe4 45. hxg5 Rf5 46. Nh6+ 1-0

[Event "Bolduc III - section A"]
[Site "Montreal CAN"]
[Date "2004.03.29"]
[Round "2"]
[White "Gilman, Arkadiy"]
[Black "Roy, Guy"]
[Result "1/2-1/2"]
[WhiteElo "2218"]
[BlackElo "2073"]
[PlyCount "51"]
[EventDate "2004.03.22"]
[EventType "tourn"]
[EventRounds "9"]
[EventCountry "CAN"]

1. d4 d5 2. Nf3 Nf6 3. c4 c6 4. e3 g6 5. Nc3 Bg7 6. Be2 O-O 7. O-O Bg4 8. Qb3
b6 9. h3 Bxf3 10. Bxf3 e6 11. Bd2 Nbd7 12. Rfd1 Rc8 13. Rac1 dxc4 14. Qxc4 e5
15. Be1 exd4 16. exd4 b5 17. Qb3 a6 18. Ne4 Nxe4 19. Bxe4 Qb6 20. Qb4 Rfe8 21.
Qd6 Nb8 22. Qf4 Rcd8 23. Qf3 Bxd4 24. Bxc6 Nxc6 25. Rxc6 Qa7 26. Rc2 1/2-1/2

[Event "Quebec op"]
[Site "Montreal CAN"]
[Date "2000.07.23"]
[Round "2"]
[White "Luksza, Arkadiusz"]
[Black "Gilman, Arkadiy"]
[Result "1/2-1/2"]
[WhiteElo "2063"]
[BlackElo "2265"]
[PlyCount "82"]
[EventDate "2000.07.22"]
[EventType "swiss"]
[EventRounds "9"]
[EventCountry "CAN"]

1. d4 Nf6 2. c4 e6 3. Nc3 Bb4 4. e3 c5 5. Nge2 d6 6. a3 Bxc3+ 7. Nxc3 O-O 8.
Be2 Nc6 9. O-O e5 10. d5 Ne7 11. e4 Ng6 12. g3 Re8 13. Bf3 Bh3 14. Bg2 Bxg2 15.
Kxg2 h6 16. Be3 Qd7 17. f3 Rad8 18. Rf2 Nf8 19. b4 b6 20. bxc5 bxc5 21. Rb2 Rb8
22. Rab1 Rxb2+ 23. Rxb2 Re7 24. a4 Ne8 25. a5 Nc7 26. Qa4 Qxa4 27. Nxa4 Na6 28.
Bd2 Rd7 29. f4 f6 30. Kf3 Kf7 31. Nc3 Ke7 32. Nd1 h5 33. Ne3 g6 34. fxe5 fxe5
35. h4 Nh7 36. g4 Nf6 37. gxh5 Nxh5 38. Ng4 Kf8 39. Ke2 Rf7 40. Rb3 Nf4+ 41.
Bxf4 Rxf4 1/2-1/2

[Event "Quebec op"]
[Site "Montreal CAN"]
[Date "2000.07.24"]
[Round "4"]
[White "Gilman, Arkadiy"]
[Black "Sullivan, Neil"]
[Result "0-1"]
[WhiteElo "2265"]
[BlackElo "2136"]
[PlyCount "58"]
[EventDate "2000.07.22"]
[EventType "swiss"]
[EventRounds "9"]
[EventCountry "CAN"]

1. d4 d5 2. c4 e6 3. Nc3 c5 4. e3 Nf6 5. Nf3 Nc6 6. cxd5 Nxd5 7. Bd3 Be7 8. O-O
O-O 9. a3 b6 10. Qc2 g6 11. Ne4 Bb7 12. dxc5 Rc8 13. Qe2 f5 14. Ned2 Bxc5 15.
Nc4 Be7 16. e4 Nf6 17. exf5 exf5 18. Bh6 Re8 19. Qe6+ Kh8 20. Qf7 Bf8 21. Bg5
Bg7 22. Qxb7 Qxd3 23. Nce5 Nxe5 24. Nxe5 Qe4 25. Nf7+ Kg8 26. Qxa7 Re7 27. Qa6
Ra8 28. Qxb6 Rxf7 29. Rfe1 Qb7 0-1